书目信息 |
| 题名: |
中国成语故事
|
|
| 作者: | 陈日朋 , 金士杰 编 | |
| 分册: | 中卷 | |
| 出版信息: | 长春 北方妇女儿童出版社 1987 |
|
| 页数: | 643~1400页 | |
| 开本: | 20cm | |
| 丛书名: | ||
| 单 册: | ||
| 中图分类: | I247.8 , H136.3 | |
| 科图分类: | ||
| 主题词: | 故事--成语--中国--现代 , 成语--故事--中国--现代 , 汉语--语义 , 汉语--语义学 , 汉语--词汇 , 训诂 | |
| 电子资源: | ||
| ISBN: | 7-5385-0176-2 | |
| 000 | 00800nam0 2200289 450 | |
| 001 | 1552681875 | |
| 005 | 20150123143858.48 | |
| 010 | @a7-5385-0176-2@dCNY4.80 | |
| 100 | @a19951125d1987 em y0chiy0110 ea | |
| 101 | 0 | @achi |
| 102 | @aCN@b220000 | |
| 105 | @af z 000yy | |
| 200 | 1 | @a中国成语故事@9zhong guo cheng yu gu shi@h中卷@f陈日朋, 金士杰编 |
| 210 | @a长春@c北方妇女儿童出版社@d1987 | |
| 215 | @a643~1400页@c图@d20cm | |
| 606 | 0 | @a故事@x成语@y中国@z现代 |
| 606 | 0 | @a成语@x故事@y中国@z现代 |
| 606 | 0 | @a汉语@x语义 |
| 606 | 0 | @a汉语@x语义学 |
| 606 | 0 | @a汉语@x词汇 |
| 606 | 0 | @a训诂 |
| 690 | @aI247.8@v5 | |
| 690 | @aH136.3@v4 | |
| 701 | 0 | @a陈日朋@9chen ri peng@4编 |
| 701 | 0 | @a金士杰@9jin shi jie@4编 |
| 801 | 0 | @aCN@bTSSF@c20150123 |
| 905 | @aZUCC@dH136.3@eJY51:2 | |
| 中国成语故事.中卷/陈日朋, 金士杰编.-长春:北方妇女儿童出版社,1987 |
| 643~1400页:图;20cm |
| ISBN 7-5385-0176-2:CNY4.80 |
| ● |
| 相关链接 |
|
|
|
|
正题名:中国成语故事
索取号:H136.3/JY51:2
 
预约/预借
| 序号 | 登录号 | 条形码 | 馆藏地/架位号 | 状态 | 备注 |
| 1 | 7850537 | 278505379 | 学院路分馆/ [索取号:H136.3/JY51:2] | 在馆 | |
| 2 | 7850538 | 278505388 | 学院路分馆/ [索取号:H136.3/JY51:2] | 在馆 | |
| 3 | 7850539 | 278505397 | 学院路分馆/ [索取号:H136.3/JY51:2] | 在馆 |